| 000 | 00694nam a2200241Ia 4500 | ||
|---|---|---|---|
| 005 | 20260429111858.0 | ||
| 008 | 260429s9999||||xx |||||||||||||| ||und|| | ||
| 020 | _a9780857025692 | ||
| 041 | _aEnglish | ||
| 082 |
_a343.099 _bLUN |
||
| 100 | _aLunt, Peter | ||
| 245 | 0 |
_aMedia regulation : _bgovernance and the interests of citizens and consumers / _cPeter Lunt |
|
| 260 |
_aNew Delhi : _bSage Publications Ltd, _c2012. |
||
| 300 | _axv, 216 p.; hb | ||
| 650 | _a Broadcasting law | ||
| 650 | _a Communication policy | ||
| 650 | _a Consumer rights | ||
| 650 | _a Governance | ||
| 650 | _a Media regulation | ||
| 650 | _aMedia law | ||
| 700 | _a Livingstone, Sonia | ||
| 942 | _cTB | ||
| 999 |
_c51244 _d51244 |
||